00277nam a2200109Ia 4500008004100000100001300041245004200054260003700096300000900133942000800142999001700150190216s9999||||xx |||||||||||||| ||und|| aSeth M L 0aMoney Banking And International Trade bLakshmi Narain Agarwal Pubc1998 a550p cREF c36603d36603